La crise de l'art contemporain : Utopie, démocratie et comédie (notice n° 2127756)
[ vue normale ]
| 000 -LEADER | |
|---|---|
| fixed length control field | 01159cam a2200133 4500500 |
| 005 - DATE AND TIME OF LATEST TRANSACTION | |
| control field | 20260405021112.0 |
| 041 ## - LANGUAGE CODE | |
| Language code of text/sound track or separate title | fre |
| 042 ## - AUTHENTICATION CODE | |
| Authentication code | dc |
| 100 10 - MAIN ENTRY--PERSONAL NAME | |
| Personal name | Michaud, Yves |
| Relator term | author |
| 245 00 - TITLE STATEMENT | |
| Title | La crise de l'art contemporain : Utopie, démocratie et comédie |
| 260 ## - PUBLICATION, DISTRIBUTION, ETC. | |
| Name of publisher, distributor, etc. | Presses Universitaires de France,<br/> |
| Date of publication, distribution, etc. | 2011.<br/> |
| 520 ## - SUMMARY, ETC. | |
| Summary, etc. | Publié pour la première fois en 1997, cet ouvrage, déjà réédité cinq fois dans la collection «Intervention philosophique», est paru dans un contexte de polémique virulente sur la «valeur» de l’art contemporain en France. L’auteur reprend, dans une préface inédite, les arguments en présence, la réception du livre ayant favorisé, pour le public, une prise de conscience générale et le fait «que les idées (puissent) être discutées et analysées… Le débat a eu un effet positif, ne serait-ce qu’en dédramatisant les choses», car nous avons vécu «la fin de l’utopie de l’art et (…) nous sommes entrés dans un autre paradigme de production et de représentation». |
| 856 41 - ELECTRONIC LOCATION AND ACCESS | |
| Uniform Resource Identifier | <a href="https://shs.cairn.info/la-crise-de-l-art-contemporain--9782130589433?lang=fr&redirect-ssocas=7080">https://shs.cairn.info/la-crise-de-l-art-contemporain--9782130589433?lang=fr&redirect-ssocas=7080</a> |
Pas d'exemplaire disponible.




Réseaux sociaux